03149cam a2200397 i 450000100090000000300040000900500170001300800410003001000170007102000300008802000310011802000270014904000280017604200080020404300120021205000240022408200410024810000300028924502180031926400610053730000590059833600260065733700280068333800270071150400510073850501950078952014150098465000620239970000310246170000280249270000250252090600450254594200180259099900150260895201280262323258189OSt20241215111310.0230803s2024 nyuab b 001 0 eng  a 2023029474 a9780367654436q(hardback) a9780367654443q(paperback) z9781003129455q(ebook) aDLCbengerdacDLCdDLC apcc ap------00aNA109.P16bS78 202400a363.690994 S78 2024223/eng/202308281 aStubbs, John H.,eauthor.10aArchitectural conservation in Australia, New Zealand and the Pacific Islands :bnational experiences and practice /cJohn H. Stubbs, William Chapman, Julia Gatley and Ross King ; foreword by Richard A. Englehardt. 1aNew York, NY :bRoutledge/Taylor & Francis Group,c2024. axxi, 592 pages :bchiefly illustrations, maps ;c29 cm atextbtxt2rdacontent aunmediatedbn2rdamedia avolumebnc2rdacarrier aIncludes bibliographical references and index.2 aIntroduction: Context of Pacific Heritage Conservation -- Australia -- Aotearoa New Zealand -- Hawaiʻi -- Micronesia -- Melanesia -- South Pacific Polynesia -- Polar regions of the Pacific. a"The fourth in a series that documents architectural conservation in different parts of the world, Architectural Conservation in Australia, New Zealand and the Pacific Islands; National Experiences and Practice addresses cultural heritage protection in a region which comprises one third of the earth's surface. In response to local needs, Australia, New Zealand and the Pacific Islands have developed some of the most important and influential legislation, doctrine, techniques, and theories in cultural heritage management in the world. The evolution of the heritage protection ethos and contemporary architectural conservation practices in Australia and Oceania are discussed on a national and regional basis using ample illustrations and examples. Accomplishments in architectural conservation are discussed in their national and international contexts, with an emphasis on original developments (solutions) and contributions made to the overall field. Enriched with essays contributed from over 55 specialists and thought leaders in the field, the book contains an extraordinary breadth and depth of research and synthesis on the why's and how's of cultural heritage conservation. Its holistic approach provides an essential resource and reference for students, academics, researchers, policy makers, practitioners, and all who are interested in conserving the built environment"--cProvided by publisher. 0aArchitecturexConservation and restorationzPacific Area.1 aChapman, William,eauthor.1 aGatley, Julia,eauthor.1 aKing, Ross,eauthor. a7bcbccorignewd1eecipf20gy-gencatlg 2ddccBK-ENn0 c7387d7387 00102ddc4070aCENTRALbTUWAIQd2024-12-15l0o363.690994 S78 2024p1000000025260r2024-12-15 11:14:14w2024-12-15yBK-EN